Riešenie problému nezamestnanosti v podmienkach Slovenskej republiky bakalárska práca

Guardado en:
Detalles Bibliográficos
Autor principal: Rusičová, Jana
Autor Corporativo: Podnikovohospodárska fakulta EU so sídlom v Košiciach. Katedra ekonómie
Otros Autores: Spišáková, Emília, 1983-
Formato: Libro
Lenguaje:eslovaco
Publicado: Košice 2014
Etiquetas: Agregar Etiqueta
Sin Etiquetas, Sea el primero en etiquetar este registro!

MARC

LEADER 00000nbm a2200000 4500
001 0189092
005 20240827092932.3
041 0 |a slo 
044 |a SK 
245 1 0 |a Riešenie problému nezamestnanosti v podmienkach Slovenskej republiky  |b bakalárska práca  |c Jana Rusičová ; školiteľ: Emília Spišáková 
264 1 |a Košice  |c 2014 
300 |a 60 s. 
100 1 |a Rusičová, Jana 
700 1 |a Spišáková, Emília, 1983- 
710 2 |a Podnikovohospodárska fakulta EU so sídlom v Košiciach. Katedra ekonómie